|
|
|
|
| LEADER |
01062nam a2200253 a 4500 |
| 001 |
12504774 |
| 008 |
120315s2002 ilu b 001 0 eng d |
| 010 |
|
|
|a 2001005096
|
| 020 |
|
|
|a 0793148782 (hardcover)
|
| 040 |
|
|
|a DLC
|c DLC
|d DLC
|d BD-DhAAL
|
| 082 |
0 |
0 |
|a 384.3
|2 21
|
| 100 |
1 |
|
|a Fattah, Hassan M.
|
| 245 |
1 |
0 |
|a P2P :
|b how peer-to-peer technology is revolutionizing the way we do business /
|c Hassan M. Fattah.
|
| 260 |
|
|
|a Chicago, IL :
|b Dearborn Trade Pub.,
|c 2002.
|
| 300 |
|
|
|a xiii, 191 p. ;
|c 24 cm.
|
| 500 |
|
|
|a For managers, executives and enterpreneurs.
|
| 500 |
|
|
|a "A Kaplan Professional Company."
|
| 504 |
|
|
|a Includes bibliographical references (p.181-183) and index.
|
| 541 |
1 |
|
|e 00024596
|
| 650 |
|
0 |
|a Peer-to-peer architecture (Computer networks)
|
| 650 |
|
0 |
|a Business enterprises
|x Computer networks.
|
| 852 |
1 |
|
|a Ayesha Abed Library
|j General shelf
|
| 999 |
|
|
|c 11970
|d 11970
|
| 952 |
|
|
|0 0
|1 0
|4 0
|6 384_300000000000000_FAT
|7 0
|9 19682
|a BRACUL
|b BRACUL
|c GEN
|d 2012-03-14
|e Trim Education
|g 2950.00
|l 0
|o 384.3 FAT
|p 3010024596
|r 2012-03-15
|t 1
|w 2012-03-15
|y BK
|